| 000 | 01325nam a22002897a 4500 | ||
|---|---|---|---|
| 001 | 1502 | ||
| 005 | 20250813112624.0 | ||
| 020 | _a9789995054168 | ||
| 040 |
_aFISKH _beng _cFISKH _dFISKH |
||
| 082 | _a591.7 | ||
| 100 | _aMengcheang, Sunheng | ||
| 245 |
_aសត្វ / _cនិពន្ធដោយ ស៊ុនហេង ម៉េងឈាង _bនៅកម្ពុជានិងនៅទីដទៃ |
||
| 250 | _aបោះពុម្ពលើកទី ៨ កុម្ភៈ ២០២១ | ||
| 260 |
_aPhnom Penh : _bSipar, _c2021. |
||
| 300 |
_a48 pages : _bcolor illustrations ; _c20 cm |
||
| 490 | _aខ្ញុំចង់ដឹង | ||
| 505 | _aZ' | ||
| 520 | _aរៀបរាប់អំពី ថនិកសត្វ បក្សីល្មូន កង្កែប ត្រី សត្វឥតឆ្អឹងកង និងការចូលរួមការពារសត្វ។ | ||
| 520 | _aDescribes mammals, birds, reptiles, frogs, fish, invertebrates, and animal protection contributions. | ||
| 521 |
_a1000
_bLexile estimate |
||
| 521 |
_aZ'
_bRaz-Plus |
||
| 650 |
_aសត្វ _vការពារ |
||
| 650 |
_aAnimals _vProtect |
||
| 700 |
_aVongsocheata, Saly _cillustrator |
||
| 700 |
_aPutmeakra, Khat _cillustrator |
||
| 942 |
_2ddc _cBK _n0 |
||
| 999 |
_c1502 _d1502 |
||